Техногенная безопасность: классификация и квантификация техногенных воздействий; Безопасность жизнедеятельности; № 6

التفاصيل البيبلوغرافية
Parent link:Безопасность жизнедеятельности: научно-практический и учебно-методический журнал.— , 2001-
№ 6.— 2004.— С. 2-9
المؤلف الرئيسي: Чернов К. В.
اللغة:الروسية
منشور في: 2004
سلاسل:Общие вопросы
الموضوعات:
التنسيق: فصل الكتاب
KOHA link:https://koha.lib.tpu.ru/cgi-bin/koha/opac-detail.pl?biblionumber=393962

MARC

LEADER 00000naa2a2200000 4500
001 393962
005 20231101064443.0
035 |a (RuTPU)RU\TPU\prd\30354 
090 |a 393962 
100 |a 20041125a2004 k y0rusy50 ca 
101 0 |a rus 
102 |a RU 
200 1 |a Техногенная безопасность: классификация и квантификация техногенных воздействий  |f К. В. Чернов 
225 1 |a Общие вопросы 
320 |a Библиогр.: 2 назв. 
461 1 |0 (RuTPU)RU\TPU\prd\1137  |t Безопасность жизнедеятельности  |o научно-практический и учебно-методический журнал  |d 2001- 
463 1 |0 (RuTPU)RU\TPU\prd\27806  |t № 6  |v С. 2-9  |d 2004 
610 1 |a системнологические исследования 
610 1 |a техногенная безопаснсть 
610 1 |a квантификация 
610 1 |a классификация 
610 1 |a техногенные воздействия 
610 1 |a безопасность жизнедеятельности 
610 1 |a категорирование воздействий 
675 |a 614.8.084:001  |v 3 
700 1 |a Чернов  |b К. В. 
801 1 |a RU  |b 63413507  |c 20041125  |g PSBO 
942 |c BK